000 00513cab a2200229 4500
001 X405
008 090401t1993 xxu||||| |||| 00| 0 eng d
035 _a(Sirsi) u65439
041 _aeng
245 _aBuring code
260 _c1993
350 _a0
490 _aCS Monthly : Rural Practice
_v2(4) January 1993, 16(1)
650 _aBURNING
650 _aCODE OF PRACTICE
650 _aGRASS
650 _aHEATHER
650 _aMAFF
690 _aRURAL PRACTICE
942 _n0
948 _c04/03/1997
999 _c40805
_d40805